000 00382nam a2200145Ia 4500
008 231129s1998||||xx |||||||||||||| ||spa||
020 _a84-08-02292-X
040 _bspa
082 _aU813.5 J54ó
100 _aJennings Gary
245 0 _aOtoño azteca \ Gary Jennings
260 _c1998
264 _aPlaneta Colombiana
942 _2ddc
_cBKS
999 _c22242
_d22242